Revolution culturelle du temps libre 1968-1988
Saved in:
| Main Author: | |
|---|---|
| Format: | Book |
| Language: | French |
| Published: |
Paris :
Meridiens Klincksieck,
c1988
|
| Subjects: | |
| Tags: |
Add Tag
No Tags, Be the first to tag this record!
|
MARC
| LEADER | 00000nam a2200000 i 4500 | ||
|---|---|---|---|
| 001 | 1/101086 | ||
| 008 | 000208s1988 fre d | ||
| 020 | |a 2-86563-176-1 | ||
| 035 | |l 10057535 | ||
| 040 | |a GR-MY-UA |b gre |e aacr | ||
| 041 | 0 | |a fre | |
| 082 | 0 | |a 338.4791 | |
| 100 | 1 | |a Dumazedier, Joffre. | |
| 245 | 1 | 0 | |a Revolution culturelle du temps libre 1968-1988 / |c Joffre Dumazedier |
| 260 | |a Paris : |b Meridiens Klincksieck, |c c1988 | ||
| 300 | |a 312 p. | ||
| 504 | |a Includes index | ||
| 650 | 0 | 0 | |a Tourism. |
| 852 | |a INST |b CHIOS |e 20000208 |h 338.4791 DUM |p 005200018699 |q 005200018699 |t BK |y 0 | ||
| 852 | |a INST |b CHIOS |e 20000208 |h 338.4791 DUM |p 005200018700 |q 005200018700 |t BK |y 0 | ||
| 852 | |a INST |b CHIOS |e 20000208 |h 338.4791 DUM |p 005200019147 |q 005200019147 |t BK |y 0 | ||
| 901 | |a BIBL2-2000-1 | ||
| 909 | |a Χ |b 074790 | ||
| 909 | |a Χ |b 074791 | ||
| 909 | |a Χ |b 071087 | ||
| 922 | |a 2ΕΛΗ |b 199911 |c ΤΔΕ |d GLORYBOOK-ECONOMIST | ||
| 922 | |a 2ΕΛΗ |b 200002 |c ΤΔΕ |d GLORYBOOK-ECONOMIST | ||
| 922 | |a 2ΕΛΗ |b 199911 |c ΤΔΕ |d GLORYBOOK-ECONOMIST | ||
| 950 | |a 112-1999-08-31 | ||
| 970 | |a ΣΑΛΑΜΟΥΡΑ |b ΜΑΡΙΑ |z 2000/01/21 | ||